| 000 | 01809cam a2200253 4500 | ||
|---|---|---|---|
| 001 | ABS66562 | ||
| 008 | 030328n2003 000 0 eng u | ||
| 035 | _a(Sirsi) u121776 | ||
| 100 | _aHarrison, J. | ||
| 245 | _aTravel plans and the planning system | ||
| 260 | _c2003 | ||
| 490 |
_aJournal of Planning and Environment Law _vApril 2003, 397-403(7) |
||
| 520 | _aTravel plans are mechanisms for managing access to a specific site or development which focus on promoting access by sustainable modes of travel such as public transport, cycling and walking. Typically they aim to reduce car usage, traffic congestion and air pollution and can contribute to road safety and healthier lifestyles. Recent research shows that effective travel plans can bring benefits to both existing communities and to new or expanding developments and they are increasingly being required by local planning authorites. Article examines the concept of the travel plan, its proper place in the planning process, a number of conceptual problems in using regulatory mechanisms to achieve travel plans and how these can be overcome. It draws on the ODPM and DfT report "Using the planning process to secure travel plans: best practice guide" (2002) which is available from www.local-transport.dft.gov.uk/ [Taken partly form journal headnote]. | ||
| 590 | _aABS | ||
| 650 | _aTRAVEL PLANS | ||
| 650 | _aPLANNING SYSTEM | ||
| 650 | _aPLANNING PROCESS | ||
| 650 | _aSUSTAINABLE TRANSPORT | ||
| 650 | _aPLANNING POLICY GUIDANCE NOTE 13 | ||
| 650 | _aGREEN TRANSPORT PLANS | ||
| 690 | _aTRANSPORT AND COMMUNICATION | ||
| 856 |
_uhttps://eu-added-value.eu/docs/usingtheplanningprocesstosec5787.pdf _zView the report "Using the Planning Process to Secure Travel Plans" free of charge at eu-added-value.eu/docs |
||
| 942 | _n0 | ||
| 999 |
_c72373 _d72373 |
||